00493cam a22001457a 4500008004000000020001800040082001300058245012100071260002200192300001000214500005000224650001800274650001500292700004000307180718b2014 xxu||||| |||| 00| 0 eng d a9781784412906 aI51 L522 aPhysicality of leadership : gesture, entanglement, taboo, possibilitiescedited by Donna Ladkin and Steven S. Taylor aUKbEmeraldc2014 a256p. avol.6:monographs in leadership and management aBody language aLeadership aLadkin, Donna and Taylor, Steven S.